Normal view
MARC view
- N V S
Entry Personal Name
001 - CONTROL NUMBER
- control field: 53590
003 - CONTROL NUMBER IDENTIFIER
- control field: NUST
005 - DATE AND TIME OF LATEST TRANSACTION
- control field: 20210421115741.0
008 - FIXED-LENGTH DATA ELEMENTS
- fixed length control field: 210421|| aca||aabn | a|a d
040 ## - CATALOGING SOURCE
- Original cataloging agency: NUST
- Transcribing agency: NUST
100 ## - HEADING--PERSONAL NAME
- Personal name: N V S
670 ## - SOURCE DATA FOUND
- Source citation: Work cat.: (NUST): N V S, Oxford Advanced Learner ,s Dictionary, 2005
